000 00812cpcaa2200241 4500
001 mm 79004057
003 DLC
005 20260227111645.0
008 790509|||||||||||| eng
010 _amm 79004057
040 _aDLC
_cDLC
_edacs
_dDLC
072 7 _aC
_2lcmd
100 1 _aFairchild, Abraham.
245 0 0 _aAbraham Fairchild estate distribution report,
_f1814.
300 _a1
_fitem.
506 0 _aOpen to research.
533 _aNegative photocopy.
_b[S.l.].
546 _aCollection material in English.
580 _aForms part of: Miscellaneous Manuscripts collection.
600 1 0 _aFairchild, Abraham
_xEstate.
999 _c41442
_d41442